000 00372 a2200109 4500
020 _a8180140857
082 _a620.1304223 SHE
100 _aSheppard, Walter Lee.
245 _aCorrosion and Chemical Resistant Masonry Materials Handbook
_cEdited by Walter Lee Sheppard
260 _aDelhi :
_bStandard publisher distributer,
_c2006
300 _axxxvi,722p. :
_bill. ;
_c25 cm
650 _amasonry materials
999 _c832
_d832